|
|
|
|
| LEADER |
00000nam0a2200000 4500 |
| 001 |
293768 |
| 005 |
20231102000627.0 |
| 010 |
|
|
|a 9785160092836
|
| 035 |
|
|
|a (RuTPU)RU\TPU\book\318810
|
| 090 |
|
|
|a 293768
|
| 100 |
|
|
|a 20150506d2015 m y0rusy50 ca
|
| 101 |
0 |
|
|a rus
|
| 102 |
|
|
|a RU
|
| 105 |
|
|
|a y j 001zy
|
| 200 |
1 |
|
|a Регламентация и нормирование труда
|e учебное пособие
|f В. Б. Бычин, Е. В. Шубенкова
|
| 210 |
|
|
|a Москва
|c Инфра-М
|d 2015
|
| 215 |
|
|
|a 188 с.
|
| 225 |
1 |
|
|a Высшее образование. Бакалавриат
|
| 320 |
|
|
|a Библиогр.: с. 183-184.
|
| 330 |
|
|
|a Учебное пособие нацелено на обеспечение профессиональной подготовки студентов в части освоения основ организации и регламентации коллективного и индивидуального труда сотрудников организации, необходимых для обеспечения эффективной работы кадровой службы организации (предприятия), формирование у будущих специалистов комплекса компетенций в области владения одним из действенных инструментов совершенствования управленческой деятельности — нормирование труда. Оно дает современные теоретические представления о регламентации и нормировании труда как важнейшем инструменте совершенствования организационных систем в целом и повышения эффективности управленческого труда в частности. Для студентов, обучающихся по направлению подготовки 080400.62 — Управление персоналом, а также для бакалавров по направлениям подготовки «Менеджмент» и «Экономика».
|
| 606 |
1 |
|
|a Нормирование труда
|2 stltpush
|3 (RuTPU)RU\TPU\subj\36516
|9 57866
|
| 610 |
1 |
|
|a экономика
|
| 610 |
1 |
|
|a трудовая деятельность
|
| 610 |
1 |
|
|a регламентация
|
| 610 |
1 |
|
|a персонал
|
| 610 |
1 |
|
|a кадры
|
| 610 |
1 |
|
|a управление
|
| 610 |
1 |
|
|a регламентирующие документы
|
| 610 |
1 |
|
|a нормативные документы
|
| 610 |
1 |
|
|a кадровая документация
|
| 610 |
1 |
|
|a штатное расписание
|
| 610 |
1 |
|
|a отпуска
|
| 610 |
1 |
|
|a командировки
|
| 610 |
1 |
|
|a учебные пособия
|
| 686 |
|
|
|a У9(2)242.2я73
|v LBC/SL-A
|2 rubbk
|
| 700 |
|
1 |
|a Бычин
|b В. Б.
|g Владимир Борисович
|
| 701 |
|
1 |
|a Шубенкова
|b Е. В.
|g Евгения Валериевна
|
| 801 |
|
1 |
|a RU
|b 63413507
|c 20150506
|
| 801 |
|
2 |
|a RU
|b 63413507
|c 20150824
|g RCR
|
| 900 |
|
|
|a Нормирование труда
|
| 942 |
|
|
|c BK
|
| 951 |
|
|
|l 8.1
|
| 959 |
|
|
|a 42/20150415
|d 3
|e 319,90
|f ЧЗГЛ:1
|f УФ:2
|